Marki Pralek do prania - Statystyki

Ogólne statystyki
  • Ten quiz został rozwiązany 68 razy
  • Średni wynik to 4 z 7
Statystyki odpowiedzi
Odpowiedź % Poprawnych
Samsung
81%
Beko
70%
LG
64%
Bosh
47%
Whirlpool
45%
Electrolux
40%
Candy
28%
Nie znaleziono quizów pasujących do podanych kryteriów
Rozkład punktacji
Procent ludzi z każdym wynikiem
Percentyl według liczby udzielonych odpowiedzi
Twoja historia wyników
Nie rozwiązałeś tego quizu